00526nam a22001335i 4500001000700000003000900007005001700016008004100033245012800074260005400202300004700256650002200303852006700325158092ES-MaACL20230906211015.0041008q1875 fr a |||| | fre d00aL'oracle parfait ou le passe-temps des dames. Art de tirer les cartes avec explication / cpar M. Lenormand, Etteilla, etc. aParis : bM. Delaure, c[1875.] (fTyp. M. et P.) a[1] h. pleg., 150, 8 p. : bil. ; c19 cm. 4aJuegos de cartas.4 aES-MaACLjG-10717 z- Enc. hol. z- Legado M. de La Fuente